| 000 | 00725nam a2200229 a 4500 | ||
|---|---|---|---|
| 999 |
_c1197 _d1197 |
||
| 001 | 1197 | ||
| 003 | BD-JhCC | ||
| 005 | 20171016175323.0 | ||
| 008 | 171016s2006 bg |||| ||a| 000 0 ben d | ||
| 020 | _a9844042712 | ||
| 035 | _a(BD-JhCC)1197 | ||
| 040 |
_aBD-JhCC _dBD-JhCC |
||
| 041 | _aben | ||
| 082 |
_a658.95492 _bHAN 2006 |
||
| 100 | _a হাননান, ড. মোহাম্মদ | ||
| 245 |
_aকিবরিয়ার অর্থনীিতি / _cড. মোহাম্মদ হাননান |
||
| 260 |
_aঢাকা : _bঅনুপম প্রকাশনী, _c২০০৬. |
||
| 300 |
_a207 p. : _c21 cm. |
||
| 650 |
_aFinancial Managment _zBangladesh |
||
| 942 |
_2ddc _cBK |
||